000 00438nam a2200157 i 4500
001 94925
003 ES-MaACL
005 20230906181604.0
007 t|
008 050518m19201930gw ||||1| ger d
100 1 _aLudwig, Otto.
_974619
245 1 0 _aZwischen Himmel und Erde /
_cRoman von Otto Ludwig.
260 _aLeipzig :
_bVerlag von Walter Fiedler,
_c[192-?]
300 _a371 p. ;
_c14 cm.
852 _aES-MaACL
_jC-4637
_bR.24378
999 _c94925
_d94925